Quick Pick: Sleepy Songs Quiz Stats

 Plays Quiz Updated Jun 17, 2016

Challenge
Share
Tweet
Embed
Score 0/12 Timer 01:00
17 Plays Today
% Correct
Dead
91.7%
Lion
91.6%
Drive
89.1%
How
88.7%
Talking
82.6%
Brooklyn
74.8%
Only
71.6%
Static
58.8%
Bag
47.4%
Metropolis
46.1%
Sidewinder
28%
Satellite
23.7%

Today's Daily Dose

You're not logged in!

Compare scores with friends on all Sporcle quizzes.
OR
Log In

You Might Also Like...

Show Comments

Extras

Top Quizzes Today


Score Distribution

Your Account Isn't Verified!

In order to create a playlist on Sporcle, you need to verify the email address you used during registration. Go to your Sporcle Settings to finish the process.

Report this User

Report this user for behavior that violates our Community Guidelines.

Details: